Police training in community relations: perspective on the United States and India (Record no. 358046)

000 -LEADER
fixed length control field 00419cam a22001337a 4500
008 - FIXED-LENGTH DATA ELEMENTS--GENERAL INFORMATION
fixed length control field 180718b1993 xxu||||| |||| 00| 0 eng d
020 ## - INTERNATIONAL STANDARD BOOK NUMBER
International Standard Book Number 817033190X
082 ## - DEWEY DECIMAL CLASSIFICATION NUMBER
Classification number K5:N4 J776
100 ## - MAIN ENTRY--PERSONAL NAME
Personal name Joshi, R.P.
245 ## - TITLE STATEMENT
Title Police training in community relations: perspective on the United States and India
Statement of responsibility, etc. by R.P. Joshi
260 ## - PUBLICATION, DISTRIBUTION, ETC.
Place of publication, distribution, etc. Jaipur
Name of publisher, distributor, etc. Rawat
Date of publication, distribution, etc. 1993
300 ## - PHYSICAL DESCRIPTION
Extent 159p.
650 ## - SUBJECT ADDED ENTRY--TOPICAL TERM
Topical term or geographic name entry element Training - Police - Community relations
Holdings
Withdrawn status Lost status Damaged status Not for loan Permanent Location Current Location Date acquired Full call number Barcode Date last seen Price effective from Koha item type
        Indian Institute of Public Administration Indian Institute of Public Administration 1994-01-21 K5:N4 J776 67419 2018-07-21 2018-07-21 Book

Powered by Koha